000 00617nam a22001817a 4500
005 20231128081444.0
008 231128b |||||||| |||| 00| 0 eng d
020 _a0409012165
041 _aEnglish
082 _a340.1 INT
100 _lEnglish
245 _aIntroduction to Legal Pluralism in South Africa :
_bPart I Customary Law /
_cedited by JC Bekker, JMT Labuschagne and LP Vorster
250 _aFirst Edition
260 _aDurban :
_bButterworth Publishers (Pty) Ltd,
_c2002
300 _bxiv, 216 pages ;
_c25 cm.
650 _aLegal practice
_bLaw
942 _cBK
_6ALISON_BN_VRIES
999 _c991
_d991